000
00322nam a2200133Ia 4500
005
20251222155204.0
008
251222s9999||||xx |||||||||||||| ||spa||
082
_a
LEN.40
100
_a
CASTELLANOS,Jarami.
245
0
_a
Taller didáctico de archivo
250
_a
1ra. ed.
264
_b
Mc Graw Hill Inter.
942
_c
LIB
999
_c
40047
_d
40047